000 01062nam a22002897a 4500
001 BR7310049
003 BR-BrBNA
005 20230928084146.0
007 ta
008 230509b bl.||||| |||| 00| 0 por d
040 _aBR-BrBNA
_bpor
_cBiblioteca Nacional de Agricultura
041 _a(Por)
072 _aE30
_b/G514
090 _ E30 BR7310049
110 1 _aServico Federal de Habitacao e Urbanismo, Rio de Janeiro, GB (Brasil);
_99342
110 1 _aSuperintendencia de Desenvolvimento da Regiao Sul, Porto Alegre, RS (Brasil);
110 1 _aFundacao Intermunicipal para o Desenvolvimento de Santa Catarina, Joinville, SC (Brasil)
245 1 _aTermos de referencia do Plano de Desenvolvimento Microrregional Integrado [Santa Catarina; Brasil]
_bv. 2
260 3 _aRio de Janeiro, GB (Brasil):
_c1973.
300 _a439 p.
500 _a4 graphs; 145 tables; 74 Maps, 21x32 cm
650 _aProjeto de desenvolvimento
650 _aDesenvolvimento economico
650 _aSanta Catarina
909 _a202309
_bLucia
_c55
_dLucia Elande
942 _cBK
999 _c17209
_d17209